UM Logo

Organizational crisis management/ (Record no. 572)

MARC details
000 -LEADER
fixed length control field 00539nam a22001817a 4500
003 - CONTROL NUMBER IDENTIFIER
control field OSt
005 - DATE AND TIME OF LATEST TRANSACTION
control field 20230520151655.0
008 - FIXED-LENGTH DATA ELEMENTS--GENERAL INFORMATION
fixed length control field 160108b xxu||||| |||| 00| 0 eng d
020 ## - INTERNATIONAL STANDARD BOOK NUMBER
International Standard Book Number 9781680950052
040 ## - CATALOGING SOURCE
Transcribing agency LIC
082 ## - DEWEY DECIMAL CLASSIFICATION NUMBER
Edition number 2015
Classification number DC 658.4
Item number Or68
245 ## - TITLE STATEMENT
Title Organizational crisis management/
Statement of responsibility, etc. Gabriel Jackson, Editor.
260 ## - PUBLICATION, DISTRIBUTION, ETC. (IMPRINT)
Place of publication, distribution, etc. New York, NY:
Name of publisher, distributor, etc. Delve PublishingLLC,
Date of publication, distribution, etc. c2015.
300 ## - PHYSICAL DESCRIPTION
Extent x, 238 pages:
Other physical details illustrations;
Dimensions 25 cm.
500 ## - GENERAL NOTE
General note Includes references and index.
650 #0 - SUBJECT ADDED ENTRY--TOPICAL TERM
9 (RLIN) 1507
Topical term or geographic name as entry element Crisis management.
942 ## - ADDED ENTRY ELEMENTS (KOHA)
Source of classification or shelving scheme Dewey Decimal Classification
Koha item type Circulation
Holdings
Withdrawn status Lost status Source of classification or shelving scheme Damaged status Not for loan Collection code Home library Current library Date acquired Source of acquisition Total Checkouts Full call number Barcode Date last seen Copy number Price effective from Koha item type
    Dewey Decimal Classification     Circulation UM Digos College - LIC UM Digos College - LIC 08/28/2015 Purchased   DC 658.4 Or68 2015 23421 05/15/2025 1 01/08/2016 Circulation